000 00289nam a2200133 4500
008 181031b xxu||||| |||| 00| 0 eng d
020 _a9780944210468
041 _aeng
080 _a371
100 _a46
101 _aEDU
245 _aAdvanced Word Power
_cJohnson,B
942 _2ddc
_cBK
999 _c51236
_d51236